Strategic management : Concepts and cases

Uloženo v:
Podrobná bibliografie
Hlavní autor: David, Fred R.
Médium: Kniha
Jazyk:Undetermined
Vydáno: Upper Saddle River, N.J Pearso Education, Inc. 2007
Témata:
Tagy: Přidat tag
Žádné tagy, Buďte první, kdo otaguje tento záznam!
Thư viện lưu trữ: Trung tâm Học liệu Trường Đại học Cần Thơ
LEADER 00576nam a2200217Ia 4500
001 CTU_128488
008 210402s9999 xx 000 0 und d
020 |c 429300 
082 |a 658.4012 
082 |b D249 
100 |a David, Fred R. 
245 0 |a Strategic management : 
245 0 |b Concepts and cases 
245 0 |c Fred R. David. 
260 |a Upper Saddle River, N.J 
260 |b Pearso Education, Inc. 
260 |c 2007 
650 |a Strategic planning 
650 |x Case studies. 
904 |i Minh 
980 |a Trung tâm Học liệu Trường Đại học Cần Thơ